| 000 | 01125cam a2200349 a 4500 | ||
|---|---|---|---|
| 001 | 136944 | ||
| 003 | ARRUPE | ||
| 005 | 20140130141734.0 | ||
| 008 | 830210s1982 miu b 000 0 eng | ||
| 010 | _a 82004371 | ||
| 020 | _a087907857X (pbk.) | ||
| 035 | _a(OCoLC)8388195 | ||
| 035 | _a(OCoLC)ocm08388195 | ||
| 035 | _a(CStRLIN)NYCG83-B10299 | ||
| 035 | _a(NNC)136944 | ||
| 040 | _cDCL | ||
| 043 | _ae-fr--- | ||
| 050 | 0 |
_aBX2615.C48 _bL44 1982 |
|
| 082 | 0 |
_a271/.12/04442 _219 |
|
| 090 |
_aBX2615.C48 _bL44 1982 |
||
| 100 | 1 |
_aLekai, Louis Julius, _d1916- _97383 |
|
| 245 | 1 | 0 |
_aNicholas Cotheret's Annals of Cîteaux / _coutlined from the French original by Louis J. Lekai. |
| 260 |
_aKalamazoo, Mich. : _bCistercian Publications, _c1982. |
||
| 300 |
_axvi, 151 p. ; _c22 cm. |
||
| 490 | 1 |
_aCistercian studies series ; _vno. 57 |
|
| 504 | _aIncludes bibliographical references. | ||
| 610 | 2 | 0 |
_aAbbaye de Cîteaux. _97384 |
| 700 | 1 |
_aCotheret, Nicolas, _d1680-1753? _tAnnales de Cisteaux. _97385 |
|
| 830 | 0 |
_aCistercian studies series ; _vno. 57. _97386 |
|
| 942 |
_2lcc _cMONOGRAPH |
||
| 999 |
_c119787 _d119787 |
||